00362nam a2200145Ia 4500008004100000020001400041041001200055082001600067100001500083245003500098260004400133300000800177650001800185700001300203221030s9999 xx 000 0 und d a019566985 aEnglish a105.23bJai aM. Jaiswal 0aManagement Information Systems bOxfor University PressaNew Delhic2004 a623 aMBA Computers aM. Mital